Länder & die Bezeichnungen ihrer Einwohner - Statistiken

Allgemein
  • Dieses Quiz wurde 75 mal gespielt
  • Das Durchschnittsergebnis liegt bei 86 aus 192
Antwortstatistiken
Land Einwohner/-in % Korrekt
Afghanistan 🇦🇫 Afghane | Afghanin
96%
Albanien 🇦🇱 Albaner /-in
94%
Algerien 🇩🇿 Algerier /-in
94%
Ägypten 🇪🇬 Ägypter /-in
90%
Argentinien 🇦🇷 Argentinier /-in
84%
Angola 🇦🇴 Angolaner /-in
80%
Armenien 🇦🇲 Armenier /-in
80%
Äthiopien 🇪🇹 Äthiopier /-in
75%
Australien Australier /-in
75%
Belgien 🇧🇪 Belgier /-in
75%
Deutschland 🇩🇪 Deutsche /-r
75%
Bulgarien 🇧🇬 Bulgare | Bulgarin
71%
Finnland 🇫🇮 Finne | Finnin
71%
Belarus 🇧🇾 Belarusse | Belarussin
69%
Brasilien 🇧🇷 Brasilianer /-in
69%
Großbritannien 🇬🇧 Brite | Britin
69%
Frankreich 🇫🇷 Franzose | Französin
69%
China 🇨🇳 Chinese | Chinesin
67%
Dänemark 🇩🇰 Däne | Dänin
67%
Russland 🇷🇺 Russe | Russin
67%
Bosnien & Herzegowina 🇧🇦 Bosnier /-in
65%
Irland 🇮🇪 Ire | Irin
65%
Italien 🇮🇹 Italiener /-in
65%
Luxemburg 🇱🇺 Luxemburger /-in
65%
Österreich 🇦🇹 Österreicher /-in
65%
Polen 🇵🇱 Pole | Polin
65%
Schweden 🇸🇪 Schwede | Schwedin
65%
USA 🇺🇸 US-Amerikaner /-in | Amerikaner /-in
65%
Griechenland 🇬🇷 Grieche | Griechin | Hellene | Hellenin
63%
Island 🇮🇸 Isländer /-in
63%
Israel 🇮🇱 Israeli
63%
Japan 🇯🇵 Japaner /-in
63%
Kanada Kanadier /-in
63%
Marokko 🇲🇦 Marokkaner /-in
63%
Mexiko 🇲🇽 Mexikaner /-in
63%
Neuseeland 🇳🇿 Neuseeländer /-in
63%
Niederlande 🇳🇱 Niederländer /-in
63%
Nordkorea 🇰🇵 Nordkoreaner /-in
63%
Pakistan 🇵🇰 Pakistaner /-in
63%
Rumänien 🇷🇴 Rumäne | Rumänin
63%
Chile 🇨🇱 Chilene | Chilenin
61%
Estland 🇪🇪 Este | Estin
61%
Indien 🇮🇳 Inder /-in
61%
Irak 🇮🇶 Iraker /-in
61%
Iran 🇮🇷 Iraner /-in
61%
Kroatien 🇭🇷 Kroate | Kroatin
61%
Lettland 🇱🇻 Lette | Lettin
61%
Litauen 🇱🇹 Litauer /-in
59%
Nigeria 🇳🇬 Nigerianer /-in
59%
Norwegen 🇳🇴 1 Norweger /-in
59%
Schweiz 🇨🇭 Schweizer /-in
59%
Aserbaidschan 🇦🇿 Aserbaidschaner /-in
57%
Bahrain 🇧🇭 Bahrainer /-in
57%
Georgien 🇬🇪 Georgier /-in
57%
Jamaika 🇯🇲 Jamaikaner /-in
57%
Peru 🇵🇪 Peruaner /-in
57%
Serbien 🇷🇸 Serbe | Serbin
57%
Türkei 🇹🇷 Türke | Türkin
57%
Dominikanische Republik 🇩🇴 Dominikaner /-in
55%
Kuba 🇨🇺 Kubaner /-in
55%
Monaco 🇲🇨 Monegasse | Monegassin
55%
Mongolei 🇲🇳 Mongole | Mongolin
55%
Slowakei 🇸🇰 Slowake | Slowakin
55%
Slowenien 🇸🇮 Slowene | Slowenin
55%
Südkorea 🇰🇷 Südkoreaner /-in
55%
Ukraine 🇺🇦 Ukrainer /-in
55%
Benin 🇧🇯 Beniner /-in
53%
Kasachstan 🇰🇿 Kasache | Kasachin
53%
Libanon 🇱🇧 Libanese | Libanesin
53%
Libyen 🇱🇾 Libyer /-in
53%
Liechtenstein 🇱🇮 Liechtensteiner /-in
53%
Nepal 🇳🇵 Nepalese | Nepalesin
53%
Nordmazedonien 🇲🇰 Nordmazedonier /-in
53%
Spanien 🇪🇸 Spanier /-in
53%
Südafrika 🇿🇦 Südafrikaner /-in
53%
Syrien 🇸🇾 Syrer /-in
53%
Ungarn 🇭🇺 Ungar /-in
53%
Bhutan 🇧🇹 Bhutaner /-in
51%
Indonesien 🇮🇩 Indonesier /-in
51%
Kolumbien 🇨🇴 Kolumbianer /-in
51%
Moldawien 🇲🇩 Moldauer /-in
51%
Saudi-Arabien 🇸🇦 Saudi-Araber /-in
51%
Senegal 🇸🇳 Senegalese | Senegalesin
51%
Thailand 🇹🇭 Thailänder /-in
51%
Vietnam 🇻🇳 Vietnamese | Vietnamesin
51%
Andorra 🇦🇩 Andorraner /-in
49%
Belize 🇧🇿 Belizer /-in
49%
Tschechien 🇨🇿 Tscheche | Tschechin
49%
Tunesien 🇹🇳 Tunesier /-in
49%
Dominica 🇩🇲 Dominicaner /-in
47%
Jordanien 🇯🇴 Jordanier /-in
47%
Kenia 🇰🇪 Kenianer /-in
47%
Costa Rica Costa-Ricaner /-in | Costaricaner /-in
45%
Ecuador 🇪🇨 Ecuadorianer /-in
45%
Gabun 🇬🇦 Gabuner /-in
45%
Ghana 🇬🇭 Ghanaer /-in |. Ghanese | Ghanesin
45%
Kamerun 🇨🇲 Kameruner /-in
45%
Malta 🇲🇹 Malteser /-in
45%
Mauretanien 🇲🇷 Mauretanier /-in
45%
Mikronesien 🇫🇲 Mikronesier /-in
45%
Usbekistan 🇺🇿 Usbeke | Usbekin
45%
Namibia 🇳🇦 Namibier /-in
43%
Panama 🇵🇦 Panamaer /-in
43%
Sudan 🇸🇩 Sudanese | Sudanesin
43%
Bolivien 🇧🇴 Bolivianer /-in
41%
Botsuana 🇧🇼 Botsuaner /-in
41%
Demokratische Republik Kongo | Kongo Kongolese | Kongolesin
41%
Laos 🇱🇦 Laote | Laotin
41%
Malaysia 🇲🇾 Malaysier /-in
41%
Oman 🇴🇲 Omaner /-in
41%
Somalia 🇸🇴 Somalier /-in
41%
Haiti 🇭🇹 Haitianer /-in
39%
Liberia 🇱🇷 Liberianer /-in
39%
Madagaskar 🇲🇬 Madagasse | Madagassin | Madegasse | Madegassin
39%
Malawi 🇲🇼 Malawier /-in
39%
Paraguay 🇵🇾 Paraguayer /-in
39%
Bangladesch 🇧🇩 Bangladescher /-in
37%
Guyana 🇬🇾 Guyaner /-in
37%
Kambodscha 🇰🇭 Kambodschaner /-in
37%
Kirgisistan 🇰🇬 Kirgise | Kirgisin
37%
Kosovo 🇽🇰 Kosovare | Kosovarin
37%
Philippinen 🇵🇭 Philippiner /-in
37%
Südsudan 🇸🇸 Südsudanese | Südsudanesin
37%
Tadschikistan 🇹🇯 Tadschike | Tadschikin
37%
Turkmenistan 🇹🇲 Turkmene | Turkmenin
37%
Uruguay 🇺🇾 Uruguayer /-in
37%
Brunei 🇧🇳 Bruneier /-in
35%
Eritrea 🇪🇷 Eritreer /-in
35%
Katar 🇶🇦 Katarer /-in
35%
Palau 🇵🇼 Palauer /-in
35%
Uganda 🇺🇬 Ugander /-in
35%
Kuwait 🇰🇼 Kuwaiter /-in
33%
Malediven 🇲🇻 Malediver /-in
33%
Montenegro 🇲🇪 Montenegriner /-in
33%
Sambia 🇿🇲 Sambier /-in
33%
Tansania 🇹🇿 Tansanier /-in
33%
Togo 🇹🇬 Togoer /-in | Togolese | Togolesin
33%
Zypern 🇨🇾 Zyprer /-in | Zypriot /-in
33%
Gambia 🇬🇲 Gambier /-in
31%
Mali 🇲🇱 Malier /-in
31%
Myanmar 🇲🇲 Myanmare | Myanmarin
31%
Nicaragua 🇳🇮 Nicaraguaner /-in
31%
Samoa 🇼🇸 Samoaner /-in
31%
Suriname 🇸🇷 Surinamer /-in
31%
Tonga 🇹🇴 Tongaer /-in
31%
Tschad 🇹🇩 Tschader /-in
31%
Niger 🇳🇪 Nigrer /-in
29%
Swasiland 🇸🇿 Swasi
29%
Antigua & Barbuda 🇦🇬 Antiguaner /-in
27%
Fidschi 🇫🇯 Fidschianer /-in
27%
Elfenbeinküste 🇨🇮 Ivorer /-in
27%
Mosambik 🇲🇿 Mosambikaner /-in
27%
Ruanda 🇷🇼 Ruander /-in
27%
Singapur 🇸🇬 Singapurer /-in
27%
Burundi 🇧🇮 Burundier /-in
25%
Guinea 🇬🇳 Guineer /-in
25%
Jemen 🇾🇪 Jemenit /-in
25%
Zentralafrikanische Republik 🇨🇫 Zentralafrikaner /-in
25%
Äquatorialguinea 🇬🇶 Äquatorialguineer /-in
24%
Dschibuti 🇩🇯 Dschibutier /-in
24%
Guatemala 🇬🇹 Guatemalteke | Guatemaltekin
24%
Kiribati 🇰🇮 Kiribatier /-in
24%
Komoren 🇰🇲 Komorer /-in
24%
Simbabwe 🇿🇼 Simbabwer /-in
24%
Tuvalu 🇹🇻 Tuvaluer /-in
24%
Nauru 🇳🇷 Nauruer /-in
22%
Salomonen 🇸🇧 Salomoner /-in
22%
Seychellen 🇸🇨 Seycheller /-in
22%
Sri Lanka Sri-Lanker /-in
22%
Vanuatu 🇻🇺 Vanuatuer /-in
22%
Guinea-Bissau 🇬🇼 Guinea-Bissauer /-in
20%
St. Lucia 🇱🇨 Lucianer /-in
20%
Papua-Neuguinea 🇵🇬 Papua-Neuguineer /-in
20%
Grenada 🇬🇩 Grenader /-in
18%
Honduras 🇭🇳 Honduraner /-in
18%
Sierra Leone Sierra-Leoner /-in
18%
Lesotho 🇱🇸 Lesother /-in
16%
Marshallinseln 🇲🇭 Marshaller /-in
16%
Mauritius 🇲🇺 Mauritier /-in
14%
Timor - Leste 🇹🇱 Timorese | Timoresin | Timorer /-in
14%
Bahamas 🇧🇸 Bahamaer /-in
12%
Burkina Faso 🇧🇫 Burkiner /-in
12%
Venezuela 🇻🇪 Venezolaner /-in
12%
El Salvador Salvadorianer /-in
10%
San Marino San-Marinese | San-Marinesin
10%
Barbados 🇧🇧 Barbadier /-in
8%
Kap Verde Kap-Verdier /-in | Kapverdier /-in
8%
Niue 🇳🇺 Niueaner /-in
6%
Sao Tome & Principe São-Toméer /-in
4%
St. Vincent & die Grenadinen 🇬🇩 Vincenter /-in
2%
Portugal 🇵🇹 Portugiese ¦ Portugiesin
0%
Keine übereinstimmenden Quizze gefunden
Verteilung der Resultate
Anzahl Personen mit jedem Resultat
Perzentil nach korrekt beantworteten Fragen
Ihre Resultats-Entwicklung
Sie haben dieses Quiz noch nicht gespielt